| 000 | 01002cam a2200241 a 4500 | ||
|---|---|---|---|
| 999 |
_c57447 _d57447 |
||
| 001 | 17080583 | ||
| 005 | 20221003170050.0 | ||
| 008 | 111212s2012 nyu b 001 0 eng | ||
| 020 | _z9781619423022 | ||
| 041 | _aeng | ||
| 080 | _a517.98 K-65 | ||
| 100 | 1 |
_aKokilashvili, V. M. _q(Vakhtang Mikhaĭlovich) _98354 |
|
| 245 | 1 | 0 |
_aBoundary value problems for analytic and harmonic functions in nonstandard Banach function spaces / _cVakhtang Kokilashvili and Vakhtang Paatashvili, editor. |
| 264 |
_aNew York : _bNova Science Publishers, _c2012. |
||
| 300 |
_a280 p. ; _c27 cm. |
||
| 490 | 0 | _aMathematics research developments | |
| 653 | _aმათემატიკა | ||
| 653 | _aფუნქციონალური სივრცეები | ||
| 653 | _aფუნქციონალური ანალიზი | ||
| 653 | _aჰარმონიული ფუნქციები | ||
| 700 | 1 |
_aPaatashvili, Vakhtang. _eრედაქტორი _98669 |
|
| 942 |
_2udc _cBK |
||